00731nam a22001937a 4500999001900000005001700019010001500036020002700051035001400078037001300092082001400105245009300119260004400212270007700256300002500333700001500358942002800373952013600401 c173933d17393320200312131410.0 aENG-128014 a9789381345474c1095.00 aEN-111546 bDBAD/PUB a305.48966 aMigration trafficking and gender construction women in transition:cedited by Roli Misra aNew DelhibSage Publication Indiac2020 aB1/1-1 Mohan Cooperative Industrial Area Mathura RoadbNew Delhie110044 axvii;226p.c22cm(hb) aMisra,Roli 2ddccENh305.48966mMIS 001040708NFICaLbLd2020-03-12eDBAD/PUBg1095.00l0o305.48966 MISpEN-111546r2020-03-12 00:00:00t1v1095.00w2020-03-12yEN